000 00476nam a2200193Ia 4500
005 20250425162429.0
008 250425s9999 xx 000 0 und d
041 _aspa
082 _a005.132
100 _aCRUZ VILLAVICENCIO, HENRY
245 0 _aPROGRAMACION EN VISUAL BASIC: LA MEJOR HERRAMIENTA
250 _a1A ED.
260 _aEcuador
_bJISP GRAFICAS
_c2006
260 _aGUAYAQUIL
300 _a158
650 _aVISUAL BASIC
942 _c01
010 _a73277
999 _c229078
_d229078